000 004930000a22001930004500
001 001083
003 MACL
005 20151023155942.0
008 151023b xxu||||| |||| 00| 0 eng d
040 _aMACL
_cMACL
041 _aEnglish
082 _a923.2/PYA
100 _aPyarelal,
_914107
245 _aMahatma Gandhi V-3
_bThe Birth of Satyagraha
_cPyarelal
260 _aAhmedabad
_c1986
_bNavjivan Publishing House,
350 _a500
650 _aBiography
_916539
942 _k923
_cBK
_2ddc
999 _c1078
_d1078